000 00787nam a22002657a 4500
003 CHAP
005 20220329133858.0
008 971013s r 00010 d
010 _a12146
011 _a13118
035 _a17189
040 _cCHAP
090 _aR-921
100 0 0 _aGentry, Howard Scott.
_947520
245 _aCaminos of San Bernardo
500 _aSobretiro de : The Quarterly Review. Winter, 1942. pp. 152-157
590 _aBATCH-UPD
_b10
_c20130110
_lUCH01
_h1509
590 _aBATCH-UPD
_b10
_c20130410
_lUCH01
_h0927
590 _aBATCH-UPD
_b10
_c20130914
_lUCH01
_h1539
590 _aCONVERSION
_b10
_c20130109
_lUCH01
_h1308
650 1 4 _aSonora
_xDescripción y viaje.
_9108583
901 _aBK
942 _cREIMP
949 _aR-921
_bBC
_cR
_d-40765
_eTS1
_i17189
_si
999 _c12146
_d12146